000
00193 a2200097 4500
001
56615
100
_a
245
_a
Fizai Sarfaroosh
260
_a
Lahore
_b
Azhar
_c
2000
090
_c
34835
_d
34835
942
_a
NUST-CAE
_c
_c
27597
999
_c
291688
_d
291688